La Unidad nacional de América Latina. Del regionalismo a la nacionalidad

Gorde:
Xehetasun bibliografikoak
Egile nagusia: Palacios, Marcos
Erakunde egilea: El Colegio de México
Formatua: Texto
Argitaratua: México, D.F.: Talleres de Comunicación Total
Etiketak: Etiketa erantsi
Etiketarik gabe, Izan zaitez lehena erregistro honi etiketa jartzen!

MARC

LEADER 00000 a a2200000 04500
001 22175
003
040 |a CRAI/IIS  |c CRAI/IIS 
020 |a 968-12-0223-6  
090 |a 150300  
100 |a Palacios, Marcos  
110 |a El Colegio de México 
245 |a La Unidad nacional de América Latina. Del regionalismo a la nacionalidad  
260 |a México, D.F.:   |b Talleres de Comunicación Total  
300 |a 173 p  
999 |c 17048  |d 17048